Times by the Thames : (Record no. 37065)
[ view plain ]
| 000 -LEADER | |
|---|---|
| fixed length control field | 00916nam a22002537a 4500 |
| 005 - DATE AND TIME OF LATEST TRANSACTION | |
| control field | 20100719121222.0 |
| 008 - FIXED-LENGTH DATA ELEMENTS--GENERAL INFORMATION | |
| fixed length control field | 100719t xxu||||| |||| 00| 0 eng d |
| 010 ## - LCCN (DPL NO) | |
| LC control number | ENG-96416 |
| 020 ## - INTERNATIONAL STANDARD BOOK NUMBER | |
| International Standard Book Number | 9788122007824 |
| Terms of availability | 595.00 |
| 020 ## - INTERNATIONAL STANDARD BOOK NUMBER | |
| International Standard Book Number | 8122007821 |
| Terms of availability | 595.00 |
| 035 ## - SYSTEM CONTROL NUMBER | |
| System control number | EN-79949 |
| 037 ## - SOURCE OF ACQUISITION | |
| Source of stock number/acquisition | DBAD / PUB |
| 040 ## - CATALOGING SOURCE | |
| Original cataloging agency | dpl |
| Language of cataloging | English |
| 100 ## - MAIN ENTRY--PERSONAL NAME | |
| Personal name | Dutt, Vijay |
| 245 ## - TITLE STATEMENT | |
| Title | Times by the Thames : |
| Statement of responsibility, etc | by Vijay Dutt |
| Remainder of title | an Indian cruise / |
| 260 ## - PUBLICATION, DISTRIBUTION, ETC. (IMPRINT) | |
| Place of publication, distribution, etc | New Delhi |
| Name of publisher, distributor, etc | Konark Publishers |
| Date of publication, distribution, etc | 2010 |
| 270 ## - ADDRESS | |
| Address | 206, First Floor, Peacock Lane, Shahpur Jat |
| City | New Delhi |
| Postal code | 110049 |
| Telephone number | (011) 41055065,65254972 |
| Electronic mail address | konarkpublishers@hotmail.com |
| 300 ## - PHYSICAL DESCRIPTION | |
| Extent | x,246p. : |
| Dimensions | 24cm (Hb) |
| Other physical details | col. photos |
| 500 ## - GENERAL NOTE | |
| General note | Includes index |
| 600 ## - SUBJECT ADDED ENTRY--PERSONAL NAME | |
| Personal name | Saxena, S.D. |
| 610 ## - SUBJECT ADDED ENTRY--CORPORATE NAME | |
| Corporate name or jurisdiction name as entry element | Bharat Sanchar Nigam Limited |
| 942 ## - ADDED ENTRY ELEMENTS (KOHA) | |
| Source of classification or shelving scheme | Dewey Decimal Classification |
| Item type | English Books |
| Call number suffix | DUT |
| Withdrawn status | Lost status | Source of classification or shelving scheme | Damaged status | Not for loan | Collection code | Home library | Current library | Date acquired | Source of acquisition | Cost, normal purchase price | Total Checkouts | Full call number | Barcode | Date last seen | Copy number | Cost, replacement price | Koha item type |
|---|---|---|---|---|---|---|---|---|---|---|---|---|---|---|---|---|---|
| Dewey Decimal Classification | Not For Loan | Non-fiction | D.B.Act.Division | D.B.Act.Division | 19/07/2010 | DBAD/PUB | 595.00 | DUT | EN-79949 | 19/07/2010 | 1 | 595.00 | English Books |
